| 000 | 00792nam a2200229 a 4500 | ||
|---|---|---|---|
| 001 | BRCA_2603 | ||
| 005 | 20190320203902.0 | ||
| 008 | 281108s1924----gw-a---###---#000-0#ger-u | ||
| 050 | 4 |
_aNE885 _b.L47 1924 |
|
| 100 | 1 |
_aLeporini, Heinrich _97427 |
|
| 245 | 1 | 0 |
_aDer Kupferstichsammler _bein hand-und nachslagebuch samt Künstlerverzeichnis für den Sammler Druckgraphischer Kunst _cvon Heinrich Leporini. |
| 260 |
_aBerlin _bR. C. Schmidt _c1924 |
||
| 300 |
_a305 p. _bil. _c24 cm. |
||
| 440 | 0 |
_aBibliothek fur Kunst-und Antiquitatensamnler _n24 _97428 |
|
| 500 | _aA60 | ||
| 650 | 1 | 4 |
_aGrabados _xColeccionistas y colecciones _97355 |
| 650 | 1 | 4 |
_aGrabadores _97352 |
| 650 | 1 | 4 |
_aGrabado _vBibliografía _97354 |
| 650 | 1 | 4 |
_aColeccionistas y colecciones _97429 |
| 902 | _aGFM | ||
| 942 |
_2lcc _cB |
||
| 999 |
_c2343 _d2343 |
||